[Event "WLS Under 1850 League"]
[Site "Wales"]
[Date "2020.02.23"]
[Round "2.16"]
[White "Sipho, Donovan"]
[Black "Twohig, Tycho"]
[Result "1-0"]
[WhiteElo "1662"]
[BlackElo "1446"]
[PlyCount "139"]
[EventDate "2020.01.26"]
[EventType "team-tourn"]
[EventRounds "9"]
[EventCountry "WLS"]
[SourceTitle "EXT 2022"]
[Source "ChessBase"]
[SourceDate "2021.10.06"]
[SourceVersion "1"]
[SourceVersionDate "2021.10.06"]
[SourceQuality "1"]
[WhiteTeam "West Wales Dragons"]
[BlackTeam "Capital Panthers"]
[WhiteTeamCountry "WLS"]
[BlackTeamCountry "WLS"]

1. c4 e5 2. Nc3 Nf6 3. e4 Nc6 4. Nf3 Bc5 5. Be2 d6 6. Na4 Nxe4 7. Nxc5 Nxc5 8. d4 exd4 9. Nxd4 Qf6 10. Nxc6 bxc6 11. 0-0 0-0 12. Qc2 Bf5 13. Qd2 Rfe8 14. Bf3 Be4 15. Bxe4 Nxe4 16. Qa5 Rec8 17. Rb1 Qe5 18. Qa6 Qc5 19. Be3 Qe5 20. Qxc6 Qe8 21. Qb7 c5 22. Rfe1 Qc6 23. Qxc6 Rxc6 24. Bf4 Re8 25. f3 Nf6 26. g4 h6 27. h4 Kf8 28. Kf2 d5 29. g5 Rxe1 30. Rxe1 hxg5 31. hxg5 Nh5 32. cxd5 Rb6 33. Be5 f6 34. gxf6 gxf6 35. Bc3 Nf4 36. Rd1 Rd6 37. Kg3 Rxd5 38. Re1 Nh5+ 39. Kg4 Rg5+ 40. Kh4 Kf7 41. Re4 Ng3 42. Rf4 Nf5+ 43. Kh3 Rg3+ 44. Kh2 Kg6 45. Rxf5 Kxf5 46. Kxg3 a6 47. f4 c4 48. Kf3 Ke6 49. Ke4 f5+ 50. Kd4 Kd6 51. Kxc4 Kc6 52. b4 Kb7 53. Kd5 Kc7 54. Ke5 Kc6 55. Kxf5 Kd7 56. a4 Ke7 57. b5 axb5 58. axb5 Kd7 59. Bb4 Kc7 60. Ke6 Kb6 61. f5 Kxb5 62. f6 Kxb4 63. f7 Kc5 64. f8Q+ Kc6 65. Qc8+ Kb6 66. Kd6 Ka7 67. Qc7+ Ka8 68. Qf7 Kb8 69. Kc6 Ka8 70. Qb7# 1-0